| 000 | 00486 a2200157 4500 | ||
|---|---|---|---|
| 001 | 66558 | ||
| 020 | _a9780470398739 | ||
| 082 | _a515.35 BOY | ||
| 090 |
_c38553 _d38553 |
||
| 100 | _aBoyce, William E | ||
| 245 |
_aElementry Differential Equations and Boundry Value Problems _bInternational student Version _cWilliam E Boyce _hEnglish |
||
| 250 | _a9th edition | ||
| 260 |
_aUSA _bJohn Wiley and Sons Inc _c2010 |
||
| 300 |
_axix, 796p, Pb _bFine paper _c21x26cm |
||
| 500 | _aCD/DVD | ||
| 942 |
_aNUST-CAE _k515.35 BOY |
||
| 999 |
_c301631 _d301631 |
||